| 000 | 01520nam0a2200313 4500 | ||
|---|---|---|---|
| 001 | RU\NLR\BIBL_A\010362910 | ||
| 005 | 20250614042836.0 | ||
| 021 |
_aRU _b2014-28562 _91761 |
||
| 035 | _a(NLR Aleph) 010362910 | ||
| 090 |
_a9584019 _c9584019 |
||
| 100 | _a20140530d2014 |||y0rusy50 ca | ||
| 101 | 0 | _aeng | |
| 102 | _aRU | ||
| 105 | _aa|||z|||100yy | ||
| 200 | 1 |
_aComplex systems of charged particles and their interaction with electromagnetic radiation _e12th Workshop, April 10-11, 2014, Russian academy of sciences, Moscow, Russia _e[abstracts] |
|
| 210 |
_a[Moscow _cs.n.] _d2014 |
||
| 215 |
_a41 с. _cил. _d24 |
||
| 313 | _aПред. конф. 2013г. | ||
| 320 | _aБиблиогр. в конце ст. | ||
| 606 | 1 |
_aПлазма _jСъезды, совещания и т.п _92173395 _3RU\NLR\AUTH\661307261 |
|
| 606 | 1 |
_aЗаряженные частицы _jСъезды, совещания и т.п _xВзаимодействие с элекромагнитным полем _92116338 _3RU\NLR\AUTH\661581997 |
|
| 686 | 1 | _aВ338я431(0) | |
| 686 | 1 | _aВ333я431(0) | |
| 711 | 1 | 2 |
_7ba _8eng _aWorkshop on complex systems of charged particles and their interaction with electromagnetic radiation _d12 _eMoscow _f2014 _9409956 _3RU\NLR\AUTH\880371717 |
| 830 | _aСложные системы заряженных частиц и их взаимодействие с электромагнитным излучением. | ||
| 942 | _cBOOK | ||
| 980 | _aNB | ||